Материалы по исследованию Русского Сахалина. Десятиверстная карта Русского Сахалина, составленная по съемкам экспедиций геологического комитета 1907-1910 гг. и другими источниками. С пояснительной запиской

Bibliografiske detaljer
Hovedforfatter: Полевой П. И.
Institution som forfatter: Российская империя Геологический комитет (ГЕОЛКОМ)
Sprog:russisk
fransk
Udgivet: Санкт-Петербург, Типография М. М. Стасюлевича, 1914
Serier:Труды Геологического Комитета
Новая серия Вып. 97
Fag:
Format: Bog
KOHA link:https://koha.lib.tpu.ru/cgi-bin/koha/opac-detail.pl?biblionumber=328918

MARC

LEADER 00000nam0a2200000 4500
001 328918
005 20231102004117.0
035 |a (RuTPU)RU\TPU\book\354658 
035 |a RU\TPU\book\354656 
090 |a 328918 
100 |a 20170301d1914 k y0rusy50 ca 
101 0 |a rus  |a fre 
102 |a RU 
105 |a y z 000zy 
200 1 |a Материалы по исследованию Русского Сахалина. Десятиверстная карта Русского Сахалина, составленная по съемкам экспедиций геологического комитета 1907-1910 гг. и другими источниками. С пояснительной запиской  |f П. И. Полевой  |g Российская империя, Геологический комитет (ГЕОЛКОМ) 
210 |a Санкт-Петербург  |c Типография М. М. Стасюлевича  |d 1914 
215 |a 9 с.  |e 2 карты 
225 1 |a Труды Геологического Комитета 
225 1 |a Новая серия  |v Вып. 97 
606 1 |a Геологические карты  |2 stltpush  |3 (RuTPU)RU\TPU\subj\6050  |9 34014 
610 1 |a библиотека М. А. Усова 
610 1 |a Сахалин 
610 1 |a десятиверстные карты 
610 1 |a картография 
675 |a 550.8:528  |v 4 
700 1 |a Полевой  |b П. И. 
712 0 1 |a Российская империя  |b Геологический комитет (ГЕОЛКОМ)  |c (1882-1917)  |2 stltpush  |3 (RuTPU)RU\TPU\col\22317 
801 1 |a RU  |b 63413507  |c 20170301 
801 2 |a RU  |b 63413507  |c 20170321  |g RCR 
942 |c BK